|
|
|
|
| LEADER |
01247nam a2200253 a 4500 |
| 001 |
GR-MES12787 |
| 008 |
070719s gr 000 0 gre d |
| 020 |
|
|
|a 960286382X
|
| 040 |
|
|
|a GrPaTEI
|b gre
|c GR-PaULI
|
| 040 |
|
|
|a GrPaTEI
|b gre
|c GR-PaULI
|
| 082 |
|
0 |
|a 792.093 8
|2 21
|
| 100 |
1 |
|
|a Green, J.R.
|
| 245 |
1 |
3 |
|a Το θέατρο στην αρχαία ελληνική κοινωνία /
|c J. R. Green ; Μετάφραση: Μαρία Πάντα ; Επιμέλεια: Ράνυ Καλούρη Αντωνοπούλου.
|
| 260 |
|
|
|a Αθήνα :
|b Έλλην,
|c c2000
|
| 300 |
|
|
|a 324σ. :
|b εικ. ;
|c 20εκ.
|
| 504 |
|
|
|a Περιλαμβάνει βιβλιογραφία: 305-324.
|
| 650 |
|
4 |
|a Θέατρο και κοινωνία
|z Ελλάς
|
| 653 |
|
|
|a Ελληνικό δράμα, Αρχαίο--Ιστορία και κριτική
|
| 700 |
0 |
|
|a Πάντα Μαρία
|
| 700 |
1 |
|
|a Καλούρη-Αντωνοπούλου, Ρ.
|
| 942 |
|
|
|2 ddc
|
| 952 |
|
|
|0 0
|1 0
|2 ddc
|4 0
|6 792_093000000000000_8_GRE
|7 0
|9 271352
|a MSLG
|b MSLG
|c BSC
|d 2021-01-17
|e 24
|f 0
|g 0.00
|l 0
|o 792.093 8 GRE
|p 2420000022278
|r 2021-01-17 00:00:00
|t 1
|w 2021-01-17
|y BK15
|x 20070719 0 ΤΣΑΝΤΑΡΛΙΩΤΗ 1
|x GrPaTEI
|
| 971 |
|
|
|a .b25788346
|b 16-04-20
|c 13-09-16
|
| 999 |
|
|
|c 156723
|d 156723
|